000 00369nam a2200133Ia 4500
008 240624s9999 xx 000 0 und d
041 _aeng
082 _a332.643 COH
100 _aCOHEN GUY
245 _aBIBLE OF OPTIONS STRATEGIES THE DEFINITI
260 _c2006
_aNew York
_bFinancial Times/Prentice-Hall
300 _axxxviii, : 356 : p. : cm. ; 24
365 _cRS
_b25
999 _c7723
_d7723